| 000 | 00510nam a22001817a 4500 | ||
|---|---|---|---|
| 005 | 20251108171208.0 | ||
| 008 | 250721s1991 xx 000 0 ara d | ||
| 082 | 1 | 4 | _a210.430143/جود |
| 100 | 1 | _aعواد، جوده محمد | |
| 245 | 1 | 0 | _aحقوق الطفل في الإسلام / |
| 264 | 1 |
_aالقاهرة : _bدار الفضيلة، _c1991. |
|
| 300 | _a61ص | ||
| 650 | 1 | 7 | _aالأطفال |
| 650 | 1 | 7 | _aالإسلام |
| 650 | 1 | 7 | _aحقوق الأبناء |
| 942 |
_2ddc _cBK |
||
| 999 |
_c59048 _d59048 |
||